000 00257nam a2200109Ia 4500
008 190911s9999||||xx |||||||||||||| ||und||
100 _aAlan Parkinson
245 0 _aManagerial Finance
260 _aNew Delhi
_bMc Graw Hill
_c1997
300 _a276
942 _cBK
999 _c6866
_d6866